| 000 | 01180cam a2200301 i 4500 | ||
|---|---|---|---|
| 999 |
_c40562 _d40562 |
||
| 001 | 40562 | ||
| 003 | Mx-PuUPA | ||
| 005 | 20200123121303.0 | ||
| 008 | 140415s1999 mx a gr 001 0 spa d | ||
| 020 | _a9686335064 | ||
| 040 |
_aMx-PuUPA _bspa _cMx-PuUPA _dMx-PuUPA _erda |
||
| 041 | 0 | _aspa | |
| 245 | 1 | 0 |
_aHistoria oral de los barrios y pueblos de la Ciudad de México : _bDelegación Benito Juárez / _ccoordinación general, Edgar Tavares López ; colaboración fotográfica, Bernardo Fuchs M. |
| 250 | _aEdición Paloma Quijano Castelló | ||
| 264 | 4 |
_aCiudad de México : _bConsejo de la Crónica de la Ciudad de México, _c1999 |
|
| 300 |
_a79 páginas : _bilustraciones ; _c23 cm |
||
| 336 |
_atexto _2rdacontent _btxt |
||
| 337 |
_asin medio _2rdamedia _bn |
||
| 338 |
_avolumen _2rdacarrier _bnc |
||
| 650 | 4 |
_aCiudades y pueblos _zMéxico _xHistoria |
|
| 651 |
_aCiudad de México _xHistoria |
||
| 700 | 1 |
_aTavares López, Edgar, _ecoordinador _910064 |
|
| 700 | 1 |
_aFuchs M., Bernardo, _efotográfo |
|
| 942 |
_2ddc _cLI _h972.53 _iH673 |
||